1619 1870 1714 1410 1082 1736 1716 1046 1901 1620 1089 1921 1972 1487 1028 1796 1185 1582 1149 1826 1393 1430 1612 1068 1512 1421 1629 1092 1146 1727 1671 1822 1189 1755 1395 1570 1141 1899 1476 1267 1655 1588 1029 1883 1260 1350 1132 1787 1575 1659 1122 1759 1229 1017 1624 1693 1973 1561 1962 1178 1053 1152 1700 1507 1481 1244 1395 1867 1661 1330 1168 1562 1304 1143 1567 1488 1850 1806 1579 1823 1478 1662 1070 1498 1413 1014 1852 1722 1700 1422 1186 1887 1550 1585 1005 1188 1475 1357 1380 BCNSPRNW ULIB Ver.6.0+V

เปลี่ยนเป็นภาษาไทย

Change to English
 แสดงรายละเอียดบรรณานุกรม
  กลับหน้าหลัก

Brief Record : Get Marc (ISO 2709) : E-mail record : QR code < ปิดหน้าต่าง
LEADER : 00000nam 2200000uu 4500
001    13399122987
003     ULIB
008    020711s2551 th a 000 0 tha d
020    9789744465702
090    นว.^bท121ร 2551 ล.2
100    ทมยันตี
245    ร่มฉัตร เล่ม2/^cทมยันตี
250    พิมพ์ครั้งที่ 9
260    กรุงเทพฯ :^bณ บ้านวรรณกรรม,^c2551
300    606 หน้า
710 1  ณ บ้านวรรณกรรม
945    ^p720^l0^i15296
995    ทศพร
999 ^a ทศพร
รายการนี้ยังไม่มีแท็ก
คุณยังไม่ได้ล็อกอิน คุณสามารถมีกิจกรรมร่วมกับเว็บไซต์ได้ แต่ต้องล็อกอินก่อน ::
  ล็อกอิน

รายการสื่อสารสนเทศ

ลำดับที่ ประเภท เลขเรียก/บาร์โค้ด สถานที่ สถานะ
1. นวนิยาย
นวนิยาย
นว. ท121ร 2551 ล.2 ฉ.1 
  Barcode: 15296
ห้องสมุดวิทยาเขตนครสวรรค์
►นวนิยาย:l:Fiction
บนชั้น

รายการใกล้เคียง
    ผู้แต่ง [ทมยันตี]

BibComment


ยังไม่เคยถูกคอมเมนท์

คอมเมนท์ทรัพยากรรายการนี้
  คอมเมนท์: ร่มฉัตร เล่ม2 ทมย..


 Copyright 2026. Bcnsprnw @Library